000 00628nam a2200169 i 4500
001 39664
003 ES-MaACL
005 20230906160045.0
007 t|
008 030303s1804 sp ||||1| spa d
100 1 _aCanard, N. F.
_934422
245 1 0 _aPrincipios de economía política
_b: obra premiada por el Instituto Nacional de Francia en... 5 enero de 1801 /
_crevista corregida y aumtanda por su autor, N. F. Canard ; traducida por Francisco Escolar.
260 _aMadrid :
_b[s.n.,
_c1804] (
_fVda. de López e hijos)
300 _a267 p. ;
_c15 cm.
700 1 _aEscolar, Francisco.
_947602
852 _aES-MaACL
_jD-510
999 _c39664
_d39664